| 000 | 00815nam a2200253 a 4500 | ||
|---|---|---|---|
| 001 | 64541 | ||
| 003 | BD-RjUL | ||
| 005 | 20211209081323.0 | ||
| 008 | 170 s1959 ne b b 00110 eng d | ||
| 035 | _a(BD-RjUL)64671 | ||
| 040 |
_aANL _beng _dXNTU _dANL _cBD-RjUL |
||
| 041 | _aeng | ||
| 082 | 0 |
_a959.8 _223 _bVLN 1959 |
|
| 100 | 1 |
_aVlekke, Bernard H. M. _q(Bernard Hubertus Maria), _d1899- _9191437 |
|
| 245 | 1 | 0 |
_aNusantara, a history of Indonesia / _cby Bernard H. M. Vlekke. |
| 260 |
_aThe Hague : _bVan Hoeve, _c1959. |
||
| 300 |
_aviii, 479 p. : _bill. ; _c22 cm. |
||
| 500 | _aEarlier editions published in 1943 and 1945. | ||
| 500 | _aincludes index. | ||
| 504 | _aBibliography: p. 400-440. | ||
| 651 | 0 |
_aIndonesia _xHistory. _9191438 |
|
| 651 | 0 |
_aNetherlands _xColonies _zAsia. _9191439 |
|
| 942 |
_2ddc _cBK |
||
| 999 |
_c64541 _d64541 |
||